书目信息 |
| 题名: |
六五普法学习读本
|
|
| 作者: | 《六五普法学习读本》编写组 编 | |
| 分册: | ||
| 出版信息: | 北京 国家行政学院出版社 2011.06 |
|
| 页数: | 419页 | |
| 开本: | 20cm | |
| 丛书名: | ||
| 单 册: | ||
| 中图分类: | D920.4 | |
| 科图分类: | ||
| 主题词: | 法律--中国 | |
| 电子资源: | ||
| ISBN: | 978-7-5150-0088-6 | |
| 000 | 00679nam0 2200193 450 | |
| 001 | 1158767807 | |
| 005 | 20111221162312.35 | |
| 010 | @a978-7-5150-0088-6@dCNY28.00 | |
| 100 | @a20111221d2011 km y0chiy0120 ea | |
| 101 | 0 | @achi |
| 102 | @aCN@b110000 | |
| 200 | 1 | @a六五普法学习读本@Aliu wu pu fa xue xi du ben@f《六五普法学习读本》编写组编@F《liu wu pu fa xue xi du ben》bian xie zu bian |
| 210 | @a北京@c国家行政学院出版社@d2011.06 | |
| 215 | @a419页@d20cm | |
| 606 | 0 | @a法律@x中国 |
| 690 | @aD920.4@v4 | |
| 701 | 0 | @a《六五普法学习读本》编写组@A《liu wu pu fa xue xi du ben》bian xie zu@4编 |
| 801 | 0 | @aCN@b大连网信软件有限公司图书馆·11@c20111221 |
| 905 | @aZUCC@dD920.4@eL760 | |
| 六五普法学习读本/《六五普法学习读本》编写组编.-北京:国家行政学院出版社,2011.06 |
| 419页;20cm |
| ISBN 978-7-5150-0088-6:CNY28.00 |
| ● |
| 相关链接 |
|
|
|
正题名:六五普法学习读本
索取号:D920.4/L760
 
预约/预借
| 序号 | 登录号 | 条形码 | 馆藏地/架位号 | 状态 | 备注 |
| 1 | 826412 | 208264126 | 法学院资料室/ [索取号:D920.4/L760] | 在馆 | |
| 2 | 826413 | 208264135 | 法学院资料室/ [索取号:D920.4/L760] | 在馆 | |
| 3 | 826414 | 208264144 | 社科库509/509社科库 83排7列2层/ [索取号:D920.4/L760] | 在馆 |